000 00565nam a22002417a 4500
003 UA-OsUOA
001 24048
007 ta
008 20040205b un ||||| |||| 00| 0 ukr d
090 _a323
_bП68
942 _cBK
040 _aUA-OsUOA
_brus
_cUA-OsUOA
_dUA-OsUOA
245 _aПраво и власть
_cРед. Л.В.Махвиладзе
300 _a528 с.
955 _a0
041 _arus
080 _a323
020 _a5-01-003214-7
260 _aМосква
_bПрогресс
_c1990
044 _aRU
650 7 _2UDC
999 _c310311
_d310311